[Event "NZL-ch op 131st"]
[Site "Palmerston North"]
[Date "2024.01.06"]
[Round "5"]
[White "Renjith, Sravan"]
[Black "Ker, Anthony F"]
[Result "1-0"]
[WhiteElo "2257"]
[BlackElo "2249"]
[PlyCount "73"]
[EventDate "2024.01.02"]
[EventType "swiss"]
[EventRounds "9"]
[EventCountry "NZL"]
[SourceTitle "CB03_2024"]
[SourceDate "2024.01.17"]
[SourceVersion "1"]
[SourceVersionDate "2024.01.17"]
[SourceQuality "1"]

1. e4 c5 2. Nf3 g6 3. c3 Bg7 4. Bc4 e6 5. 0-0 d5 6. exd5 exd5 7. Re1+ Ne7 8. Bb5+ Bd7 9. Qe2 c4 10. Bxd7+ Qxd7 11. b3 cxb3 12. axb3 Nbc6 13. b4 b5 14. Qxb5 0-0 15. Rxe7 Qxe7 16. Qxc6 Qe2 17. Qa6 Qd1+ 18. Qf1 Qb3 19. Na3 a6 20. Rb1 Qa4 21. Bb2 Rfe8 22. Qd1 Qd7 23. Nc2 h6 24. Ra1 g5 25. Ne3 a5 26. Rxa5 Rxa5 27. bxa5 Qb5 28. Ba3 Qxa5 29. Bb4 Qb5 30. d4 Ra8 31. h4 Ra2 32. Ne5 Qa6 33. Qf3 Ra1+ 34. Kh2 Bxe5+ 35. dxe5 Qd3 36. e6 Qg6 37. e7 1-0

[Event "Titled Tuesday intern op 12th Dec Early"]
[Site "Chess.com INT"]
[Date "2023.12.12"]
[Round "11"]
[White "Berezin, Viktor1"]
[Black "Renjith, Sravan"]
[Result "1-0"]
[WhiteElo "2307"]
[BlackElo "2254"]
[PlyCount "65"]
[EventDate "2023.12.12"]
[EventType "swiss (blitz)"]
[EventRounds "11"]
[EventCountry "USA"]
[SourceTitle "CB51_2023"]
[SourceDate "2023.12.20"]
[SourceVersion "1"]
[SourceVersionDate "2023.12.20"]
[SourceQuality "1"]

1. d4 a6 2. Nf3 b5 3. e3 Bb7 4. c4 b4 5. a3 e6 6. axb4 Bxb4+ 7. Bd2 Be7 8. Nc3 f5 9. Qb3 Qc8 10. Bd3 Nf6 11. Ne5 0-0 12. f4 Nc6 13. 0-0 d6 14. Nf3 Rb8 15. Qd1 Nb4 16. Bb1 c5 17. d5 exd5 18. cxd5 Nfxd5 19. Nxd5 Nxd5 20. e4 fxe4 21. Bxe4 Ne3 22. Qb3+ d5 23. Bxh7+ Kxh7 24. Qxe3 Bf6 25. Qd3+ Kg8 26. Rae1 Bxb2 27. Qg6 Qf5 28. Qg3 Bf6 29. Ne5 Rbe8 30. Ng6 Rxe1 31. Rxe1 Rf7 32. Re8+ Kh7 33. Rh8# 1-0

[Event "Titled Tuesday intern op 12th Dec Early"]
[Site "Chess.com INT"]
[Date "2023.12.12"]
[Round "9"]
[White "Klukin, Kirill"]
[Black "Renjith, Sravan"]
[Result "1/2-1/2"]
[WhiteElo "2390"]
[BlackElo "2254"]
[PlyCount "131"]
[EventDate "2023.12.12"]
[EventType "swiss (blitz)"]
[EventRounds "11"]
[EventCountry "USA"]
[SourceTitle "CB51_2023"]
[SourceDate "2023.12.20"]
[SourceVersion "1"]
[SourceVersionDate "2023.12.20"]
[SourceQuality "1"]

1. d4 d5 2. c4 e6 3. Nc3 c5 4. cxd5 exd5 5. Nf3 Nc6 6. e3 Nf6 7. Bb5 Be7 8. dxc5 Bxc5 9. 0-0 0-0 10. b3 a6 11. Bxc6 bxc6 12. h3 Bd6 13. Bb2 Bd7 14. Rc1 Qe7 15. Na4 c5 16. Nb6 Rad8 17. Bxf6 Qxf6 18. Nxd5 Qg6 19. Ne5 Qe6 20. Nxd7 Rxd7 21. Qf3 Bh2+ 22. Kxh2 Rxd5 23. Rfd1 Rfd8 24. Rxd5 Rxd5 25. b4 h6 26. bxc5 Qe5+ 27. g3 Rxc5 28. Rxc5 Qxc5 29. Qa8+ Kh7 30. Qxa6 Qc2 31. Kg1 Qd1+ 32. Kg2 Qd5+ 33. e4 Qxe4+ 34. Kh2 Qc2 35. Qa7 f5 36. a4 f4 37. gxf4 Qe4 38. a5 Qxf4+ 39. Kg1 Qc1+ 40. Kg2 Qg5+ 41. Kf3 Qf5+ 42. Ke2 Qc2+ 43. Ke3 Qc3+ 44. Ke4 Qxh3 45. Qc5 Qg2+ 46. Ke5 Qg5+ 47. Kd6 Qd8+ 48. Kc6 Qe8+ 49. Kb7 Qe4+ 50. Kc7 Qf4+ 51. Kb6 Qf6+ 52. Ka7 Qf7+ 53. Ka6 Qe6+ 54. Qb6 Qe2+ 55. Ka7 Qe7+ 56. Kb8 Qe8+ 57. Kb7 Qe7+ 58. Qc7 Qe4+ 59. Qc6 Qe7+ 60. Ka6 Qe2+ 61. Ka7 Qxf2+ 62. Qb6 Qf7+ 63. Qb7 Qf2+ 64. Qb6 Qf7+ 65. Qb7 Qf2+ 66. Qb6 1/2-1/2

[Event "Titled Tuesday intern op 12th Dec Early"]
[Site "Chess.com INT"]
[Date "2023.12.12"]
[Round "6"]
[White "Shevchuk, Olexandr"]
[Black "Renjith, Sravan"]
[Result "1-0"]
[WhiteElo "2093"]
[BlackElo "2254"]
[PlyCount "71"]
[EventDate "2023.12.12"]
[EventType "swiss (blitz)"]
[EventRounds "11"]
[EventCountry "USA"]
[SourceTitle "CB51_2023"]
[SourceDate "2023.12.20"]
[SourceVersion "1"]
[SourceVersionDate "2023.12.20"]
[SourceQuality "1"]

1. d4 d5 2. c4 e6 3. Nf3 c5 4. cxd5 exd5 5. g3 Nc6 6. Bg2 Nf6 7. 0-0 Be7 8. b3 Ne4 9. Bb2 Bf6 10. e3 0-0 11. Nc3 Bg4 12. Ne2 Rc8 13. h3 Bf5 14. g4 Be6 15. Nf4 Qd7 16. Rc1 b5 17. Qe2 c4 18. Ne5 Nxe5 19. dxe5 Be7 20. bxc4 bxc4 21. Rfd1 Qb7 22. Bd4 Qa6 23. Rc2 Rb8 24. Rdc1 Rfc8 25. Nxe6 Qxe6 26. Bxe4 dxe4 27. Rxc4 Rxc4 28. Qxc4 Qd7 29. Kg2 h5 30. Qc6 Qxc6 31. Rxc6 hxg4 32. hxg4 Rb7 33. Ra6 Bg5 34. Rxa7 Rb1 35. e6 Bh4 36. exf7+ 1-0

[Event "Titled Tuesday intern op 12th Dec Early"]
[Site "Chess.com INT"]
[Date "2023.12.12"]
[Round "3"]
[White "Yeritsyan, Hayk"]
[Black "Renjith, Sravan"]
[Result "0-1"]
[WhiteElo "2203"]
[BlackElo "2254"]
[PlyCount "76"]
[EventDate "2023.12.12"]
[EventType "swiss (blitz)"]
[EventRounds "11"]
[EventCountry "USA"]
[SourceTitle "CB51_2023"]
[SourceDate "2023.12.20"]
[SourceVersion "1"]
[SourceVersionDate "2023.12.20"]
[SourceQuality "1"]

1. c4 e6 2. Nc3 d5 3. Nf3 c5 4. cxd5 exd5 5. d4 Nc6 6. g3 Nf6 7. Bg2 Be7 8. 0-0 0-0 9. b3 Ne4 10. Bb2 Bf6 11. Na4 b5 12. Nxc5 Nxc5 13. Rc1 Nxb3 14. Qxb3 Na5 15. Qxb5 Nc4 16. Ne5 Bxe5 17. dxe5 Be6 18. Bd4 a6 19. Qa4 Rb8 20. Rfd1 Qe7 21. e4 Rb4 22. Qxa6 dxe4 23. Bxe4 Nxe5 24. Bc5 Qxc5 25. Rxc5 Rxe4 26. Rc3 Re8 27. Qb5 Rf8 28. Re3 Rxe3 29. fxe3 f6 30. Qb6 Bxa2 31. Rd8 Bf7 32. Qd6 Ng6 33. h4 Rxd8 34. Qxd8+ Nf8 35. Kf2 h6 36. Qe7 h5 37. e4 Ng6 38. Ke3 Nxe7 0-1

[Event "Titled Tuesday intern op 26th Sep Late"]
[Site "Chess.com INT"]
[Date "2023.09.26"]
[Round "1"]
[White "Harriott, Tyrell"]
[Black "Renjith, Sravan"]
[Result "1-0"]
[WhiteElo "1778"]
[BlackElo "2131"]
[PlyCount "123"]
[EventDate "2023.09.26"]
[EventType "swiss (blitz)"]
[EventRounds "11"]
[EventCountry "USA"]
[SourceTitle "EXT 2024"]
[Source "ChessBase"]
[SourceDate "2023.10.10"]
[SourceVersion "1"]
[SourceVersionDate "2023.10.10"]
[SourceQuality "1"]

1. d4 d5 2. e3 Nf6 3. Bd3 c5 4. c3 Nc6 5. f4 g6 6. Nf3 Bg7 7. 0-0 0-0 8. Nbd2 a6 9. Qe1 b5 10. b3 b4 11. Bb2 Qa5 12. c4 cxd4 13. exd4 dxc4 14. Nxc4 Qh5 15. Nfe5 Bb7 16. f5 Rad8 17. Be2 Qg5 18. Bf3 Nd5 19. Bc1 Qf6 20. fxg6 Qe6 21. gxf7+ Rxf7 22. Nxf7 Bxd4+ 23. Be3 Nxe3 24. Nxe3 Qxe3+ 25. Qxe3 Bxe3+ 26. Kh1 Rf8 27. Bd5 Kg7 28. Rae1 Bc5 29. Ng5 Rxf1+ 30. Rxf1 Nd8 31. Bxb7 Nxb7 32. Ne6+ Kg6 33. Nxc5 Nxc5 34. Rc1 Ne4 35. Rc6+ Kf5 36. Rxa6 Nc3 37. a4 e5 38. Kg1 Ke4 39. Rb6 Nd5 40. Rb5 Kd4 41. Rxd5+ Kxd5 42. Kf2 Kd4 43. Ke2 Kc3 44. a5 Kxb3 45. a6 Kc2 46. a7 b3 47. a8Q b2 48. Qc6+ Kb3 49. Qb5+ Kc2 50. Qxe5 b1Q 51. Qe4+ Kc1 52. Qxb1+ Kxb1 53. Ke3 Kc2 54. g4 Kc3 55. g5 Kc4 56. Ke4 Kc5 57. Ke5 Kc6 58. Ke6 Kc7 59. h4 Kd8 60. Kf7 Kd7 61. h5 Kc6 62. g6 1-0

[Event "Titled Tuesday intern op 26th Sep Late"]
[Site "Chess.com INT"]
[Date "2023.09.26"]
[Round "5"]
[White "Yeritsyan, Hayk"]
[Black "Renjith, Sravan"]
[Result "0-1"]
[WhiteElo "2179"]
[BlackElo "2131"]
[PlyCount "114"]
[EventDate "2023.09.26"]
[EventType "swiss (blitz)"]
[EventRounds "11"]
[EventCountry "USA"]
[SourceTitle "EXT 2024"]
[Source "ChessBase"]
[SourceDate "2023.10.10"]
[SourceVersion "1"]
[SourceVersionDate "2023.10.10"]
[SourceQuality "1"]

1. d4 Nf6 2. Nf3 g6 3. Bf4 Bg7 4. h3 0-0 5. e3 d6 6. c3 Nbd7 7. Be2 c6 8. 0-0 Re8 9. Na3 Nh5 10. Bh2 d5 11. Rc1 e5 12. Re1 e4 13. Nd2 Nhf6 14. c4 Bf8 15. cxd5 Nxd5 16. Nab1 Qb6 17. Qb3 N7f6 18. a3 Be6 19. Qc2 Bh6 20. Nc4 Qd8 21. Nd6 Re7 22. Nc3 Nxc3 23. Qxc3 Bd5 24. Nc4 Be6 25. b4 Nd5 26. Qc2 f5 27. Ne5 f4 28. exf4 Nxf4 29. Bf1 Bd5 30. Ng4 Qf8 31. Nxh6+ Qxh6 32. Bxf4 Qxf4 33. Re3 Rf8 34. g3 Qh6 35. Bg2 Ref7 36. Rf1 Qg5 37. h4 Qh6 38. Bxe4 Qxe3 39. fxe3 Rxf1+ 40. Kg2 R8f2+ 41. Kh3 Rxc2 42. Bxc2 Rf2 43. Bd3 h5 44. e4 Be6+ 45. g4 hxg4+ 46. Kg3 Rf3+ 47. Kg2 Rxd3 48. d5 cxd5 49. e5 Bf5 50. h5 gxh5 51. b5 h4 52. b6 h3+ 53. Kf2 axb6 54. Ke2 h2 55. a4 h1Q 56. a5 Qf3+ 57. Ke1 Rd1# 0-1

[Event "Titled Tuesday intern op 19th Sep Late"]
[Site "Chess.com INT"]
[Date "2023.09.19"]
[Round "3"]
[White "Renjith, Sravan"]
[Black "Seletsky, Grigory"]
[Result "1-0"]
[WhiteElo "2131"]
[BlackElo "2220"]
[PlyCount "57"]
[EventDate "2023.09.19"]
[EventType "swiss (blitz)"]
[EventRounds "11"]
[EventCountry "USA"]
[SourceTitle "EXT 2024"]
[Source "ChessBase"]
[SourceDate "2023.10.10"]
[SourceVersion "1"]
[SourceVersionDate "2023.10.10"]
[SourceQuality "1"]

1. d4 d6 2. Nf3 Nd7 3. Nc3 e5 4. e4 Ngf6 5. Bc4 Be7 6. 0-0 0-0 7. h3 c6 8. a4 b6 9. d5 Bb7 10. Re1 a6 11. dxc6 Bxc6 12. Nd5 Nxd5 13. Bxd5 Qc7 14. c3 Nf6 15. Bxc6 Qxc6 16. Nd2 b5 17. axb5 axb5 18. Rxa8 Rxa8 19. Qb3 Ra1 20. f3 d5 21. exd5 Nxd5 22. Qc2 f6 23. Nb3 Ra4 24. Rd1 Bc5+ 25. Nxc5 Qxc5+ 26. Kh1 Rh4 27. Qf5 Nb6 28. Qe6+ Kf8 29. Rd8# 1-0

[Event "Titled Tuesday intern op 19th Sep Late"]
[Site "Chess.com INT"]
[Date "2023.09.19"]
[Round "8"]
[White "Renjith, Sravan"]
[Black "Souleidis, Georgios"]
[Result "1-0"]
[WhiteElo "2131"]
[BlackElo "2419"]
[PlyCount "79"]
[EventDate "2023.09.19"]
[EventType "swiss (blitz)"]
[EventRounds "11"]
[EventCountry "USA"]
[SourceTitle "EXT 2024"]
[Source "ChessBase"]
[SourceDate "2023.10.10"]
[SourceVersion "1"]
[SourceVersionDate "2023.10.10"]
[SourceQuality "1"]

1. d4 Nf6 2. Nf3 g6 3. Nc3 d5 4. Bf4 Bg7 5. e3 0-0 6. h4 c5 7. Ne5 cxd4 8. exd4 Qb6 9. Na4 Qa5+ 10. c3 Nbd7 11. Bd3 Nxe5 12. Bxe5 Qd8 13. Qf3 b6 14. c4 Bd7 15. Nc3 dxc4 16. Bxc4 Rc8 17. Bd3 Bc6 18. Qg3 Nh5 19. Qe3 Nf6 20. f3 Re8 21. 0-0-0 Nd5 22. Nxd5 Bxd5+ 23. Kb1 f6 24. Bf4 Qd7 25. Be4 e6 26. Qa3 Bf8 27. Qa6 Bc4 28. Qb7 Qxb7 29. Bxb7 Rcd8 30. Bc7 Rd7 31. Bc6 Rxc7 32. Bxe8 Bd6 33. Rc1 Bf4 34. Rc3 Bd2 35. Ra3 Bb4 36. Ra4 a5 37. a3 Bd3+ 38. Ka1 Bd2 39. d5 Kf8 40. Rd4 1-0

[Event "Titled Tuesday intern op 27th Jun Early"]
[Site "Chess.com INT"]
[Date "2023.06.27"]
[Round "9"]
[White "Delorme, Axel"]
[Black "Renjith, Sravan"]
[Result "0-1"]
[WhiteElo "2483"]
[BlackElo "2118"]
[PlyCount "84"]
[EventDate "2023.06.27"]
[EventType "swiss (blitz)"]
[EventRounds "11"]
[EventCountry "USA"]
[SourceTitle "EXT 2024"]
[Source "ChessBase"]
[SourceDate "2023.10.10"]
[SourceVersion "1"]
[SourceVersionDate "2023.10.10"]
[SourceQuality "1"]

1. e4 e5 2. Nf3 Nc6 3. Bb5 f5 4. d3 fxe4 5. dxe4 Nf6 6. 0-0 d6 7. Bc4 Bg4 8. h3 Bh5 9. Nc3 Be7 10. Be3 Na5 11. Bb5+ c6 12. Be2 Bxf3 13. Bxf3 Nc4 14. Bc1 0-0 15. b3 Nb6 16. a4 Nbd7 17. Ba3 a5 18. Bxd6 Nc5 19. Bxe7 Qxe7 20. Qe2 Ne6 21. Rad1 Nd4 22. Qc4+ Kh8 23. Rd3 Nd7 24. Bd1 Nb6 25. Rxd4 Nxc4 26. Rxc4 Rad8 27. Bg4 Rd4 28. Be2 Rfd8 29. Nd1 Rxc4 30. Bxc4 Rd2 31. Ne3 Qc5 32. Bd3 b5 33. axb5 cxb5 34. Ra1 Qc3 35. Rb1 h5 36. Nf1 Rxd3 37. cxd3 Qxd3 38. Ra1 Qc3 39. Rb1 a4 40. bxa4 bxa4 41. Ne3 a3 42. Nd1 Qd4 0-1

[Event "Titled Tuesday intern op 20th Jun Early"]
[Site "Chess.com INT"]
[Date "2023.06.20"]
[Round "1"]
[White "Korol, Dimitry"]
[Black "Renjith, Sravan"]
[Result "0-1"]
[WhiteElo "2287"]
[BlackElo "2118"]
[PlyCount "98"]
[EventDate "2023.06.20"]
[EventType "swiss (blitz)"]
[EventRounds "11"]
[EventCountry "USA"]
[SourceTitle "EXT 2024"]
[Source "ChessBase"]
[SourceDate "2023.10.10"]
[SourceVersion "1"]
[SourceVersionDate "2023.10.10"]
[SourceQuality "1"]

1. d4 Nf6 2. c4 e6 3. Nc3 d5 4. Bg5 Nbd7 5. cxd5 exd5 6. e3 Be7 7. Bd3 c6 8. Qc2 0-0 9. Nge2 Re8 10. f3 Nf8 11. 0-0 h6 12. Bh4 Ne6 13. Rad1 Qd7 14. h3 Nc7 15. Bf2 Bf8 16. e4 dxe4 17. fxe4 Ne6 18. e5 Nd5 19. Nxd5 cxd5 20. Nc3 Nc7 21. Be3 b5 22. Rf3 b4 23. Ne2 Ba6 24. Rdf1 Bxd3 25. Qxd3 Re7 26. Ng3 Qb5 27. Qd2 Ne6 28. Nf5 Rc7 29. Rg3 Kh7 30. Qf2 Rac8 31. Nxh6 gxh6 32. Qf5+ Kh8 33. Qf6+ Bg7 34. Rxg7 Nxg7 35. Bxh6 Rg8 36. Qh4 Qd3 37. Rf6 Qh7 38. Bxg7+ Kxg7 39. Qg3+ Kf8 40. Qf4 Rc2 41. g4 Rg6 42. e6 Rxf6 43. Qxf6 Rc1+ 44. Kh2 Qc2+ 45. Kg3 Rg1+ 46. Kh4 Qh7+ 47. Kg5 Qg7+ 48. Qxg7+ Kxg7 49. e7 Re1 0-1

[Event "Titled Tuesday intern op 20th Jun Early"]
[Site "Chess.com INT"]
[Date "2023.06.20"]
[Round "11"]
[White "Renjith, Sravan"]
[Black "Ambartsumova, Karina"]
[Result "1-0"]
[WhiteElo "2118"]
[BlackElo "2393"]
[PlyCount "119"]
[EventDate "2023.06.20"]
[EventType "swiss (blitz)"]
[EventRounds "11"]
[EventCountry "USA"]
[SourceTitle "EXT 2024"]
[Source "ChessBase"]
[SourceDate "2023.10.10"]
[SourceVersion "1"]
[SourceVersionDate "2023.10.10"]
[SourceQuality "1"]

1. b3 e5 2. Bb2 Nc6 3. e3 g6 4. Nf3 Bg7 5. Bb5 Nge7 6. 0-0 0-0 7. d4 d6 8. dxe5 Nxe5 9. Nxe5 dxe5 10. Qxd8 Rxd8 11. Na3 c6 12. Be2 Bf5 13. Rad1 b5 14. g4 Be6 15. c4 a6 16. f4 exf4 17. Bxg7 f3 18. Bxf3 Kxg7 19. c5 Nd5 20. Bxd5 Bxd5 21. Nc2 a5 22. Nd4 b4 23. g5 Re8 24. Rde1 a4 25. Rf2 axb3 26. axb3 Ra3 27. h4 Re4 28. Rf4 Ra2 29. h5 Rg2+ 30. Kxg2 Rxf4+ 31. Kg3 Re4 32. h6+ Kf8 33. Kf2 Re5 34. Ra1 Rxg5 35. Ra8+ Ke7 36. Rh8 Rg2+ 37. Ke1 Rh2 38. Rxh7 Kf6 39. Rh8 g5 40. h7 Be4 41. Nxc6 Bxc6 42. Rc8 Rh1+ 43. Kd2 Rh2+ 44. Ke1 Rxh7 45. Rxc6+ Ke5 46. Rb6 Ke4 47. Kf2 Rh2+ 48. Kg3 Rc2 49. Rxb4+ Kxe3 50. Rc4 Rb2 51. c6 f5 52. c7 f4+ 53. Kg4 Rg2+ 54. Kf5 f3 55. c8Q f2 56. Qe6+ Kd2 57. Qd5+ Ke1 58. Rc1+ Ke2 59. Qd1+ Ke3 60. Rc3# 1-0

[Event "Titled Tuesday intern op 20th Jun Early"]
[Site "Chess.com INT"]
[Date "2023.06.20"]
[Round "9"]
[White "Renjith, Sravan"]
[Black "Vlassov, Nikolai"]
[Result "1/2-1/2"]
[WhiteElo "2118"]
[BlackElo "2283"]
[PlyCount "167"]
[EventDate "2023.06.20"]
[EventType "swiss (blitz)"]
[EventRounds "11"]
[EventCountry "USA"]
[SourceTitle "EXT 2024"]
[Source "ChessBase"]
[SourceDate "2023.10.10"]
[SourceVersion "1"]
[SourceVersionDate "2023.10.10"]
[SourceQuality "1"]

1. b3 e5 2. Bb2 Nc6 3. e3 a6 4. Nf3 e4 5. Ne5 Qf6 6. d4 exd3 7. Nxd3 Qg6 8. Nf4 Qh6 9. Bd3 Nf6 10. 0-0 Bd6 11. Nd2 0-0 12. Bxf6 Bxf4 13. exf4 Qxf6 14. g3 d6 15. Ne4 Qh6 16. Ng5 g6 17. Bc4 Nd8 18. Re1 Qg7 19. Re7 c6 20. Qe1 d5 21. Bd3 h6 22. Nf3 Ne6 23. f5 Qf6 24. fxe6 Qxe7 25. exf7+ Rxf7 26. Ne5 Rf6 27. Nxg6 Qxe1+ 28. Rxe1 Re6 29. Ne5 Kg7 30. f4 c5 31. Kf2 b5 32. c4 dxc4 33. bxc4 Bb7 34. Re2 b4 35. g4 Rae8 36. Kg3 a5 37. Bf5 Rd6 38. h4 a4 39. g5 hxg5 40. hxg5 b3 41. axb3 axb3 42. Rb2 Rb6 43. Bd7 Ra8 44. Bb5 Ra2 45. Rxb3 Be4 46. Re3 Rg2+ 47. Kh3 Ba8 48. f5 Rxg5 49. Rg3 Kf6 50. Nd7+ Kxf5 51. Rxg5+ Kxg5 52. Nxb6 Be4 53. Nd7 Bf5+ 54. Kg3 Bd3 55. Nxc5 Bxc4 56. Bxc4 Kf5 57. Kf3 Ke5 58. Ne4 Kd4 59. Be2 Ke5 60. Ke3 Kf5 61. Bf3 Ke5 62. Bg4 Kd5 63. Kf4 Kd4 64. Be6 Kd3 65. Nc5+ Kd4 66. Nd7 Kd3 67. Ke5 Kc3 68. Bd5 Kd3 69. Nf6 Kc3 70. Ke4 Kd2 71. Kd4 Kc2 72. Ne4 Kb2 73. Kc4 Kc2 74. Kd4 Kb2 75. Kd3 Ka3 76. Kc3 Ka4 77. Kc4 Ka3 78. Nc3 Kb2 79. Be4 Kc1 80. Kd3 Kb2 81. Bd5 Ka3 82. Kc4 Kb2 83. Ne4 Kc2 84. Kd4 1/2-1/2

[Event "Titled Tuesday intern op 13th Jun Late"]
[Site "Chess.com INT"]
[Date "2023.06.13"]
[Round "4"]
[White "Renjith, Sravan"]
[Black "Karas, Marek"]
[Result "0-1"]
[WhiteElo "2118"]
[BlackElo "2227"]
[PlyCount "306"]
[EventDate "2023.06.13"]
[EventType "swiss (blitz)"]
[EventRounds "11"]
[EventCountry "USA"]
[SourceTitle "EXT 2024"]
[Source "ChessBase"]
[SourceDate "2023.10.10"]
[SourceVersion "1"]
[SourceVersionDate "2023.10.10"]
[SourceQuality "1"]

1. e4 f5 2. exf5 Nf6 3. d4 d5 4. Bd3 e6 5. fxe6 c5 6. Nf3 Bxe6 7. dxc5 Bxc5 8. 0-0 0-0 9. Re1 Bg4 10. h3 Bh5 11. Be2 Ne4 12. Be3 Bxe3 13. fxe3 Nc6 14. Nbd2 Ng3 15. Bd3 Qb6 16. Nf1 Bxf3 17. gxf3 Nxf1 18. Bxf1 Qxb2 19. Qxd5+ Kh8 20. Bd3 Rf6 21. Rab1 Qc3 22. f4 Rd8 23. Qe4 Rg6+ 24. Kh1 Rh6 25. Qg2 b6 26. Rg1 Qf6 27. Rb5 Ne7 28. Re5 Ng6 29. Rg5 Nh4 30. Qg3 g6 31. f5 Rg8 32. fxg6 Nxg6 33. Bxg6 Rhxg6 34. Rxg6 hxg6 35. Rg2 Rg7 36. Rf2 Qe7 37. Qf4 Kh7 38. Qg3 Qe4+ 39. Kh2 Re7 40. Rg2 Qe5 41. Re2 Qxg3+ 42. Kxg3 Re5 43. e4 Kg7 44. Kf4 Kf6 45. h4 Ra5 46. e5+ Ke6 47. Rg2 Ra4+ 48. Kg5 Kxe5 49. Re2+ Kd6 50. c3 Rc4 51. Rd2+ Ke6 52. Rd3 Kf7 53. Rf3+ Kg7 54. Rd3 Rc5+ 55. Kg4 Rc7 56. Kf4 Rc4+ 57. Kg5 Rc5+ 58. Kg4 Rc4+ 59. Kg3 Ra4 60. Rd2 Kh6 61. Kf3 Rxh4 62. Kg3 Ra4 63. Re2 Kg5 64. Kf3 Kf5 65. Rd2 Ra3 66. Rc2 Ke5 67. Ke3 Kd5 68. Kd3 g5 69. Rg2 Kc6 70. Kc4 Ra5 71. Rh2 Rc5+ 72. Kd4 Rf5 73. Rh7 Rf4+ 74. Kd3 Ra4 75. Rg7 g4 76. c4 Rxa2 77. Rxg4 Rf2 78. Rg5 a5 79. Kd4 Rf4+ 80. Kc3 Rh4 81. Rg6+ Kb7 82. Kb3 Ka6 83. Rf6 Rh3+ 84. Kc2 Kb7 85. Rg6 Rf3 86. Rh6 Kc7 87. Rg6 Rf5 88. Kc3 Rf7 89. Kb3 Rd7 90. Ka4 Rd6 91. Rg8 Kc6 92. Rc8+ Kb7 93. Rg8 Rc6 94. Rg4 Rc5 95. Kb3 Ka6 96. Rg6 Rc7 97. Rf6 Kb7 98. Rg6 Rc6 99. Rg7+ Ka6 100. Rg5 Rh6 101. Rf5 Rh3+ 102. Ka4 Rc3 103. Rf4 Kb7 104. Kb5 Rb3+ 105. Ka4 Rb4+ 106. Ka3 Kc6 107. Rf6+ Kc5 108. Rf8 Kxc4 109. Rc8+ Kb5 110. Rc1 Ra4+ 111. Kb3 Rb4+ 112. Ka3 Ka6 113. Rc6 Rb5 114. Rg6 Rc5 115. Rg8 Rc3+ 116. Kb2 Rh3 117. Ra8+ Kb5 118. Rg8 a4 119. Rg5+ Kb4 120. Rg4+ Ka5 121. Rg5+ b5 122. Rg7 Kb4 123. Rg4+ Ka5 124. Rg5 Rh2+ 125. Ka3 Rh4 126. Rf5 Rh3+ 127. Kb2 Rd3 128. Rg5 Rd4 129. Kc3 Rd6 130. Kb2 Kb6 131. Ka3 Rd3+ 132. Kb2 Kc6 133. Rh5 b4 134. Ra5 Rd2+ 135. Kc1 Ra2 136. Kb1 Ra3 137. Kb2 Kb6 138. Ra8 Rb3+ 139. Ka2 Ra3+ 140. Kb2 Kb7 141. Ra5 Kc6 142. Ra8 Rb3+ 143. Ka2 Kb5 144. Rb8+ Kc4 145. Ra8 Rh3 146. Kb2 Rh2+ 147. Kb1 Kb3 148. Kc1 Rh1+ 149. Kd2 a3 150. Rg8 Kb2 151. Rg3 b3 152. Rg4 Rh2+ 153. Ke3 a2 0-1

[Event "Oceania zt 3.6"]
[Site "Melbourne"]
[Date "2023.01.28"]
[Round "9"]
[White "Renjith, Sravan"]
[Black "Liu, Yi"]
[Result "0-1"]
[WhiteElo "2172"]
[BlackElo "2303"]
[PlyCount "106"]
[EventDate "2023.01.23"]
[EventType "swiss"]
[EventRounds "9"]
[EventCountry "AUS"]
[SourceTitle "CBM 212 Extra"]
[Source "ChessBase"]
[SourceDate "2023.03.31"]
[SourceVersion "1"]
[SourceVersionDate "2023.03.31"]
[SourceQuality "1"]

1. e4 c5 2. c3 Nf6 3. e5 Nd5 4. Nf3 Nc6 5. d4 cxd4 6. cxd4 d6 7. Bc4 Nb6 8. Bb3 dxe5 9. Nxe5 Nxe5 10. dxe5 Qxd1+ 11. Bxd1 Bf5 12. Nc3 e6 13. 0-0 Bc5 14. Bf3 0-0-0 15. Bg5 Rd7 16. Rac1 Kb8 17. g4 Bd3 18. Rfd1 h6 19. Bh4 g5 20. Be4 Bxe4 21. Nxe4 Bd4 22. Bg3 Bxb2 23. Rxd7 Nxd7 24. Rd1 Nb6 25. Nd6 Rf8 26. f4 Ba3 27. fxg5 hxg5 28. Ne4 Be7 29. Rf1 Nd5 30. Rf3 b5 31. Be1 Rc8 32. Rxf7 Rc2 33. h4 Re2 34. Ng3 Rxe1+ 35. Kf2 Ra1 36. h5 Rxa2+ 37. Kg1 Rc2 38. h6 Rc8 39. h7 Rh8 40. Ne4 b4 41. Rg7 Kc7 42. Nxg5 b3 43. Ne4 b2 44. Nd2 Kc6 45. g5 Bxg5 46. Rxg5 Rxh7 47. Nb1 Kc5 48. Rg2 Rb7 49. Kf2 Kb4 50. Rg3 Rc7 51. Rg8 Rc1 52. Rg4+ Kc5 53. Na3 b1Q 0-1

[Event "Titled Tuesday intern op 10th Jan Early"]
[Site "Chess.com INT"]
[Date "2023.01.10"]
[Round "3"]
[White "Kotepalli, Sai Nirupama"]
[Black "Renjith, Sravan"]
[Result "0-1"]
[WhiteElo "1910"]
[BlackElo "2172"]
[PlyCount "104"]
[EventDate "2023.01.10"]
[EventType "swiss (blitz)"]
[EventRounds "11"]
[EventCountry "USA"]
[SourceTitle "EXT 2024"]
[Source "ChessBase"]
[SourceDate "2023.10.10"]
[SourceVersion "1"]
[SourceVersionDate "2023.10.10"]
[SourceQuality "1"]

1. e4 e5 2. d3 Bc5 3. Nf3 d6 4. g3 Ne7 5. Bg2 0-0 6. 0-0 Nbc6 7. c3 f5 8. Qb3+ Kh8 9. Nbd2 a6 10. a4 Ba7 11. Qc2 fxe4 12. dxe4 Bg4 13. Nh4 Ng6 14. Nxg6+ hxg6 15. Nc4 Qf6 16. Be3 Bf3 17. Bxa7 Bxg2 18. Kxg2 Qf3+ 19. Kg1 Rxa7 20. Rae1 Raa8 21. Qe2 b5 22. axb5 axb5 23. Qxf3 Rxf3 24. Kg2 Rd3 25. Na3 b4 26. cxb4 Nxb4 27. Nb5 c6 28. Nc3 Nc2 29. Rd1 Rxd1 30. Rxd1 Nd4 31. f4 Rb8 32. Rd2 Kg8 33. h4 Kf7 34. fxe5 dxe5 35. Rf2+ Ke7 36. Rd2 Nb3 37. Rc2 Nc5 38. Ne2 Nxe4 39. Rxc6 Rxb2 40. Kf3 Nd6 41. Nc3 Rb3 42. Kg4 Ke6 43. Ne4 Rb4 44. Rxd6+ Ke7 45. Rxg6 Rxe4+ 46. Kf5 Re3 47. Rxg7+ Kf8 48. Rg5 Re1 49. Kf6 e4 50. h5 e3 51. g4 e2 52. Kg6 Rf1 0-1

[Event "Titled Tuesday intern op 10th Jan Early"]
[Site "Chess.com INT"]
[Date "2023.01.10"]
[Round "5"]
[White "Renjith, Sravan"]
[Black "Gracia Alvarez, Gerardo Antonio"]
[Result "1-0"]
[WhiteElo "2172"]
[BlackElo "2238"]
[PlyCount "89"]
[EventDate "2023.01.10"]
[EventType "swiss (blitz)"]
[EventRounds "11"]
[EventCountry "USA"]
[SourceTitle "EXT 2024"]
[Source "ChessBase"]
[SourceDate "2023.10.10"]
[SourceVersion "1"]
[SourceVersionDate "2023.10.10"]
[SourceQuality "1"]

1. d4 Nf6 2. Bf4 g6 3. e3 Bg7 4. Nf3 d6 5. h3 0-0 6. Bd3 Nfd7 7. Nbd2 e5 8. Bh2 exd4 9. Nxd4 Ne5 10. Be2 Nbc6 11. c3 Nxd4 12. cxd4 Nc6 13. 0-0 Bd7 14. Rc1 Re8 15. Bf3 Rc8 16. Qb3 Rb8 17. Qa3 Qe7 18. d5 Rec8 19. dxc6 bxc6 20. Nc4 c5 21. b3 Bb5 22. Rfd1 Rd8 23. Qxa7 Qe6 24. Qxc7 Rbc8 25. Qa5 Bc6 26. Bxc6 d5 27. Bb7 Bf6 28. Nd6 Rb8 29. Bxd5 Qe7 30. Nxf7 Kg7 31. Nxd8 Rxd8 32. Qc7 Rd7 33. Qxc5 Qd8 34. Bf3 Rxd1+ 35. Rxd1 Qe7 36. Qxe7+ Bxe7 37. Rd7 Kf7 38. Bd5+ Ke8 39. Bc6 Kf7 40. a4 g5 41. a5 h5 42. a6 g4 43. a7 g3 44. Bxg3 h4 45. Bd6 1-0